<?xml version="1.0" encoding="UTF-8"?>
<record
    xmlns:xsi="http://www.w3.org/2001/XMLSchema-instance"
    xsi:schemaLocation="http://www.loc.gov/MARC21/slim http://www.loc.gov/standards/marcxml/schema/MARC21slim.xsd"
    xmlns="http://www.loc.gov/MARC21/slim">

  <leader>01527nam a22001577a 4500</leader>
  <controlfield tag="008">180209b        xxu||||| |||| 00| 0 eng d</controlfield>
  <datafield tag="020" ind1=" " ind2=" ">
    <subfield code="a">0721655939</subfield>
  </datafield>
  <datafield tag="050" ind1=" " ind2=" ">
    <subfield code="a">RJ312.A87</subfield>
  </datafield>
  <datafield tag="100" ind1=" " ind2=" ">
    <subfield code="a">Goldsmith, Jay P.</subfield>
  </datafield>
  <datafield tag="245" ind1=" " ind2=" ">
    <subfield code="a">Assisted Ventilation of the Neonate . /</subfield>
    <subfield code="c">Jay P. Goldsmith, </subfield>
  </datafield>
  <datafield tag="260" ind1=" " ind2=" ">
    <subfield code="a">Philadelphia:</subfield>
    <subfield code="b">W.B Saunders Company,</subfield>
    <subfield code="c">1996.</subfield>
  </datafield>
  <datafield tag="300" ind1=" " ind2=" ">
    <subfield code="a">xi,532p.</subfield>
    <subfield code="b">ill.;</subfield>
    <subfield code="c">28cm.</subfield>
  </datafield>
  <datafield tag="500" ind1=" " ind2=" ">
    <subfield code="a">Contents: Introduction to Assisted Ventilation -- Physiologic Principles -- Control of Ventilation and Apnea -- Resuscitation -- Pulmonary Care -- Nursing Care -- Continuous Distending Pressure -- Positive -Pressure Ventilation: Pressure- Limited and Time-Cycled Ventilators -- Volume,Ventilators -- High - Frequency ventilation -- Special Ventilatory Techniques and Modalities I: Patient -Triggered Ventilation -- Special Ventilatory Techniques 11:Liquid Ventilation Nitric Oxide Therapy, and Negative- Pressure Ventilation -- Extracorporeal Membrane Oxygenation -- Blood Gases:Technical Aspects and Interpretation -- Monitoring of Pulmonary Function -- Pharmacologic Adjuncts 1 -- Pharmacologic Adjuncts 11:Exogenous Surfactants -- Complications:Bronchopulmonary Dysplasia,Air Leak Syndromes and Retinopathy of Prematurity -- Surgical Management of the Airway -- Cardiovascular Aspects -- Nutritional Support -- Central Nervous System Morbidity -- Intraoperative Management -- Transport of Ventilated infants -- pulmonary Outcome and Follow up -- Ventilatory Management Casebooks.</subfield>
  </datafield>
  <datafield tag="700" ind1=" " ind2=" ">
    <subfield code="a">Karotkin,Edward H.</subfield>
  </datafield>
  <datafield tag="942" ind1=" " ind2=" ">
    <subfield code="2">lcc</subfield>
    <subfield code="c">BK</subfield>
  </datafield>
  <datafield tag="999" ind1=" " ind2=" ">
    <subfield code="c">6514</subfield>
    <subfield code="d">14014</subfield>
  </datafield>
  <datafield tag="952" ind1=" " ind2=" ">
    <subfield code="0">0</subfield>
    <subfield code="1">0</subfield>
    <subfield code="2">lcc</subfield>
    <subfield code="4">0</subfield>
    <subfield code="7">0</subfield>
    <subfield code="a">WIUC-1</subfield>
    <subfield code="b">WIUC-1</subfield>
    <subfield code="c">NURS L.</subfield>
    <subfield code="d">2018-02-09</subfield>
    <subfield code="l">0</subfield>
    <subfield code="o">RJ312.A87</subfield>
    <subfield code="p">NURS/380/042/18</subfield>
    <subfield code="r">2018-02-09 00:00:00</subfield>
    <subfield code="t">1</subfield>
    <subfield code="w">2018-02-09</subfield>
    <subfield code="y">BK</subfield>
  </datafield>
</record>
